00277nam a2200121Ia 4500008004100000041000800041082001600049100001900065245001900084260002600103300001900129365000700148240624s9999 xx 000 0 und d aeng a891.43 KIR  aKIRPAL AVINASH aMAHILA UDHYAMI c2017aNew DelhibSage a168 p.; 20 cm. cRS